Kto to napísal?

Uložené v:
Podrobná bibliografia
Hlavný autor: Frniaková, Alexandra (Autor)
Ďalší autori: Petrík, Juraj (Vedúci práce)
Médium: Rukopis Kniha
Jazyk:Slovak
Vydavateľské údaje: 2021
Predmet:
On-line prístup:http://is.stuba.sk/zp/portal_zp.pl?podrobnosti=148350
Tagy: Pridať tag
Žiadne tagy, Buďte prvý, kto otaguje tento záznam!

MARC

LEADER 00000ntm a22000003a 4500
001 stuzp85453
003 SK-STU
005 20210626212306.2
007 ta
008 150427s2015----xo-----f-mn---000-0-slo-d
040 |a STU  |b slo 
041 0 |a slo 
100 1 |a Frniaková, Alexandra  |u 070200  |4 aut  |U FIIT Fakulta informatiky a informačných technológií  |T FIIT Ústav informatiky, informačných systémov a softvérového inžinierstva  |X 96848  |U I200  |Y 179  |7 96848 
242 0 1 |a Who wrote it?  |y eng 
245 1 0 |a Kto to napísal? 
260 |c 2021 
650 4 |a Profilovanie autora  |2 slo 
650 4 |a Klasifikácia  |2 slo 
650 4 |a Stylometria  |2 slo 
650 4 |a Stylometry  |2 eng 
650 4 |a Authorship profiling  |2 eng 
650 4 |a Classification  |2 eng 
700 1 |a Petrík, Juraj  |u 070200  |k Z8  |4 ths  |U FIIT Fakulta informatiky a informačných technológií  |T FIIT Ústav informatiky, informačných systémov a softvérového inžinierstva  |X 5731  |U I200  |Y 179  |7 A000005731 
856 4 |u http://is.stuba.sk/zp/portal_zp.pl?podrobnosti=148350